[Event "IECG TG.2005.0.15382"]
[Site "IECG email"]
[Date "2005.04.01"]
[Round "1"]
[White "Guchemand, John"]
[Black "Agustoni, Alessandro"]
[Result "0-1"]
[WhiteElo "1200"]
[BlackElo "1200"]
[PlyCount "80"]
[EventDate "2005.04.01"]
[EventType "match (corr)"]
[EventRounds "2"]
[SourceTitle "Corr 2008"]
[Source "ChessBase"]
[SourceDate "2008.06.24"]
[SourceVersion "1"]
[SourceVersionDate "2008.06.24"]
[SourceQuality "1"]

1. e4 e6 2. d4 d5 3. e5 c5 4. c3 Nc6 5. Nf3 Qb6 6. Bd3 cxd4 7. cxd4 Bd7 8. 0-0 Nxd4 9. Nxd4 Qxd4 10. Nc3 a6 11. Be3 Qxe5 12. Qe2 Nf6 13. f4 Qd6 14. f5 Be7 15. fxe6 fxe6 16. Bg5 0-0 17. Bxf6 Bxf6 18. Qh5 g6 19. Bxg6 hxg6 20. Qxg6+ Bg7 21. Ne2 Qb6+ 22. Kh1 Qxb2 23. Ng3 Rf6 24. Qg5 Raf8 25. Rfb1 Qf2 26. Rg1 R6f7 27. Raf1 Qxa2 28. Rxf7 Rxf7 29. Qd8+ Kh7 30. Nh5 Bd4 31. Qh4 Qf2 32. Nf6+ Kg6 33. Qg4+ Kh6 34. Qh5+ Kg7 35. Qg5+ Kf8 36. Nxd7+ Rxd7 37. Rc1 Bc5 38. h4 Rg7 39. Qd8+ Kf7 40. Qd7+ Be7 0-1

[Event "IECG CP.2003.P.00027 email"]
[Site "IECG email"]
[Date "2003.10.01"]
[Round "?"]
[White "Westermeyer, Andrew"]
[Black "Guchemand, John"]
[Result "1-0"]
[WhiteElo "1948"]
[BlackElo "1200"]
[PlyCount "61"]
[EventDate "2003.10.01"]
[EventType "tourn (corr)"]
[EventRounds "6"]
[EventCountry "CRO"]
[SourceTitle "Corr 2008"]
[Source "ChessBase"]
[SourceDate "2008.06.24"]
[SourceVersion "1"]
[SourceVersionDate "2008.06.24"]
[SourceQuality "1"]

1. e4 e5 2. Nf3 Nc6 3. d4 exd4 4. Nxd4 Bc5 5. Nxc6 Qf6 6. Qd2 dxc6 7. Nc3 Bg4 8. Qf4 Qxf4 9. Bxf4 0-0-0 10. f3 Be6 11. Bd3 Ne7 12. Bg3 h5 13. 0-0-0 h4 14. Bf4 Ng6 15. Bd2 Ne5 16. Be2 Nc4 17. Na4 Rxd2 18. Rxd2 Be3 19. Bxc4 Bxc4 20. Re1 Bf4 21. Kd1 Bxd2 22. Kxd2 Rd8+ 23. Kc3 Bb5 24. Nc5 b6 25. Nd3 c5 26. Ne5 Be8 27. f4 f6 28. Nf3 g5 29. fxg5 fxg5 30. Nxg5 Bc6 31. Nf3 1-0